00334nam a22001097a 4500020000800000040001600008082001600024100002600040245005700066260006600123300003500189 qHB. cFIZZA ISHAQ a333.72bEAR a Learning , Graphic. aConcise Earth Book World Atlas /c Graphic Learning. aYugosiavia:bDenver, Colo. : Earthbooks Incorporated,c 1990. a184 P. ;c7.2 X 5.2 X.5 inches